Govt. of
Madhya Pradesh

Dr. John Matthai 1886-1959 (Record no. 5206)

MARC details
000 -LEADER
fixed length control field 004400000a22001810004500
003 - CONTROL NUMBER IDENTIFIER
control field MACL
005 - DATE AND TIME OF LATEST TRANSACTION
control field 20151004153018.0
008 - FIXED-LENGTH DATA ELEMENTS--GENERAL INFORMATION
fixed length control field 151004b xxu||||| |||| 00| 0 eng d
040 ## - CATALOGING SOURCE
Original cataloging agency MACL
Transcribing agency MACL
041 ## - LANGUAGE CODE
Language code of text/sound track or separate title English
082 ## - DEWEY DECIMAL CLASSIFICATION NUMBER
Classification number 920/HAR
100 ## - MAIN ENTRY--PERSONAL NAME
Personal name Haridasan, Dr. V.
9 (RLIN) 13732
245 ## - TITLE STATEMENT
Title Dr. John Matthai 1886-1959
Remainder of title A Biography
260 ## - PUBLICATION, DISTRIBUTION, ETC. (IMPRINT)
Name of publisher, distributor, etc. Sunil
Date of publication, distribution, etc. 1986
Place of publication, distribution, etc. Kerala
350 ## - PRICE (NR) (BK AM CF MU VM SE) [OBSOLETE]
Price 100
650 ## - SUBJECT ADDED ENTRY--TOPICAL TERM
Topical term or geographic name as entry element Bioraphy
9 (RLIN) 9297
942 ## - ADDED ENTRY ELEMENTS (KOHA)
Koha item type Books
Call number prefix 920
Source of classification or shelving scheme
Holdings
Withdrawn status Lost status Source of classification or shelving scheme Damaged status Not for loan Home library Current library Date acquired Cost, normal purchase price Total Checkouts Full call number Barcode Date last seen Uniform Resource Identifier Price effective from Koha item type
          MACL MACL 15/04/2015 100.00   920/HAR CRE004564 02/05/2024 5160 15/04/2015 Books